History Quiz

Random History Quiz

Key words Bayeux Tapestry Quiz Stats

 Plays Quiz not verified by Sporcle

Score 0/40 Timer 12:00
0 Plays Today
% Correct
William
86.4%
Harold
83.1%
normandy
76.3%
Bayeux
67.8%
Edward
67.8%
King
67.8%
Hastings
66.1%
tapestry
66.1%
England
62.7%
1066
55.9%
Odo
54.2%
Confessor
49.2%
Matilda
47.5%
Godwinson
47.5%
comet
45.8%
horses
45.8%
sword
44.1%
invasion
42.4%
invasion
42.4%
bishop
40.7%
% Correct
oath
40.7%
Conquerer
40.7%
fire
35.6%
Edgar
33.9%
birds
33.9%
Gyrth
28.8%
monarch
28.8%
Edith
28.8%
Domesday
27.1%
men
27.1%
Leofwine
25.4%
coronation
25.4%
feast
23.7%
robert
23.7%
medieval
23.7%
eagle
22%
aelfgyva
22%
club
18.6%
preparation
15.3%
commissioned
15.3%

You're not logged in!

Compare scores with friends on all Sporcle quizzes.
OR
Log In

Show Comments

Extras

Created Feb 26, 2012ReportNominate
Tags:key, talking

Top Quizzes Today


Score Distribution

Your Account Isn't Verified!

In order to create a playlist on Sporcle, you need to verify the email address you used during registration. Go to your Sporcle Settings to finish the process.

Report this User

Report this user for behavior that violates our Community Guidelines.

Details: